Uplatnenie marketingu pri príprave vzdelávacích aktivít v rámci ďalšieho profesijného vzdelávania

Prezentácia nárokov vybraných zamestnávateľských subjektov na prijímaných zamestnancov a hodnotenie kvalifikačnej pripravenosti absolventov škôl. Význam marketingu pri príprave vzdelávania. Marketingové nástroje.

Gespeichert in:
Bibliographische Detailangaben
1. Verfasser: Matulčíková, Marta, 1964-
Format: Buchkapitel
Sprache:Slowakisch
Schlagworte:
Tags: Tag hinzufügen
Keine Tags, Fügen Sie das erste Tag hinzu!

MARC

LEADER 00000naa$a2200000$$$4500
001 0067445
005 20240502071817.7
041 0 |a slo 
044 |a SK 
245 1 0 |a Uplatnenie marketingu pri príprave vzdelávacích aktivít v rámci ďalšieho profesijného vzdelávania  |c Marta Matulčíková 
520 |a Prezentácia nárokov vybraných zamestnávateľských subjektov na prijímaných zamestnancov a hodnotenie kvalifikačnej pripravenosti absolventov škôl. Význam marketingu pri príprave vzdelávania. Marketingové nástroje. 
610 2 0 |a vzdelávanie 
610 2 0 |a marketing 
610 2 0 |a školy 
610 2 0 |a nástroje marketingové 
100 1 |a Matulčíková, Marta, 1964-